| 000 | 00400nam a2200169Ia 4500 | ||
|---|---|---|---|
| 008 | 230711s9999||||xx |||||||||||||| ||und|| | ||
| 020 | _a978-84-9936-803-0 | ||
| 041 | _aENG | ||
| 082 |
_a725.85 _bQU-P |
||
| 100 | _aQuartion,Daniela Santos | ||
| 245 | 4 | _aThe Pool Book | |
| 250 | _a1st Ed. | ||
| 260 |
_c2011 _aSpain _bLoft Publications |
||
| 300 | _a575p. | ||
| 650 | _aArchitecture | ||
| 942 | _cBK | ||
| 999 |
_c6077 _d6077 |
||